01286nam a2200241 a 4500008004100000050001500041110005900056245007200115260006300187260006500250300001500315350000900330650004500339650001400384650003600398650005100434650001100485995014400496995014500640999001700785952012100802952012100923070827s2006 ||||||||||||||||| || u aHC 915 Zam aRepublic of Zambia. High Commission, New Delhi (India)10aZambia at 42cproduced by Zambia High Commission, New Delhi (India) aNew DelhibZambia High Commission, New Delhi (India)c2006 aNew DelhibHigh Commissioner of the Republic of Zambiac2006 a84p.: ill. a0.00 aECONOMIC INDICATORS--ZAMBIA--PERIODICALS 0aECONOMICS 0aZAMBIA--POLITICS AND GOVERNMENT aZAMBIA--ECONOMIC CONDITIONS--2006--PERIODICALS aZAMBIA aSPECIAL COLLECTIONSD0.00e737961FCBU-MAIN LIBRARY (Kitwe)H1I0.00jZAM HC 915 ZAMM2UAVAILABLEWOct 4, 2007y55602ZZambiana Collection aSPECIAL COLLECTIONSD0.00e737315FCBU-MAIN LIBRARY (Kitwe)H1I0.00jZAM HC 915 ZAMM1UAVAILABLEWAug 27, 2007y55295ZZambiana Collection c83375d83375 00102lcc4070a001b001cZambiana Collectiond2023-10-30l0oZAM HC 915 Zamp55602r2023-10-30t1w2023-10-30y023 00102lcc4070a001b001cZambiana Collectiond2023-10-30l0oZAM HC 915 Zamp55295r2023-10-30t2w2023-10-30y023